000 00634nam a2200241Ia 4500
003 OSt
005 20230330142601.0
008 210423s2005 xx 000 0 und d
020 _a230636101
040 _cAL
041 _aeng
082 _a332.1 INDI
100 _aINDIAN INSTITUTE OF BANKING AND FINANCE
_980180
245 _aLegal and regulatory aspects of banking
250 _a2
260 _aDelhi
_bOxford University Press
_c2005
300 _axiii,476
_bPB
365 _b365
_cINR
650 _aBanking
_980181
650 _aEconomics
_980182
906 _aaspects ; banking ; Legal ; regulatory
942 _2ddc
_cBK
999 _c157577
_d157577